[Event "ODEM U14 2010"]
[Site "Oberhof GER"]
[Date "2010.05.23"]
[Round "1"]
[White "Hansch, Karsten"]
[Black "Schramm, Moritz"]
[Result "1-0"]
[Termination "normal"]
[Board "1"]
[WhiteElo "1885"]
[BlackElo "1173"]
[PlyCount "109"]
[WhiteFideId "24692239"]
[BlackFideId "12923508"]
[EventCountry "GER"]
[EventRounds "7"]
[EventType "swiss"]
[EventDate "2010.05.22"]

1. d4 Nf6 2. c4 g6 3. Nc3 Bg7 4. e4 d6 5. Nge2 O-O 6. Ng3 e5 7. d5 c6 8. Be2
cxd5 9. Nxd5 Nxd5 10. cxd5 Nd7 11. O-O Nf6 12. Bg5 Bd7 13. Qb3 Qb6 14. Qxb6
axb6 15. Be3 b5 16. Rfc1 Rfc8 17. a3 Rxc1+ 18. Rxc1 Ng4 19. Bxg4 Bxg4 20. f3
Bd7 21. Rc7 Bc8 22. Ne2 Bf6 23. Bd2 Bd8 24. Rc2 Bb6+ 25. Kf1 Bd7 26. Bb4 Bc5
27. Bxc5 Rc8 28. Nc1 b6 29. b4 bxc5 30. bxc5 dxc5 31. Nd3 f6 32. Rxc5 Rxc5 33.
Nxc5 Bc8 34. Ke2 Kf7 35. Kd3 Ke7 36. Kc3 Kd6 37. Kb4 f5 38. Kxb5 fxe4 39. fxe4
Bg4 40. a4 Be2+ 41. Kb6 Bf1 42. g3 h5 43. a5 g5 44. a6 Bxa6 45. Nxa6 g4 46. Nc5
Ke7 47. Kc7 Ke8 48. d6 Kf7 49. d7 Kg6 50. d8=Q Kf7 51. Qd7+ Kf6 52. Qf5+ Kg7
53. Ne6+ Kg8 54. Qg6+ Kh8 55. Qg7# 1-0

[Event "ODEM U14 2010"]
[Site "Oberhof GER"]
[Date "2010.05.23"]
[Round "1"]
[White "Thole, Ann-Christin"]
[Black "Hansch, Stephan"]
[Result "0-1"]
[Termination "normal"]
[Board "2"]
[WhiteElo "1142"]
[BlackElo "1832"]
[PlyCount "70"]
[WhiteFideId "12907529"]
[EventCountry "GER"]
[EventRounds "7"]
[EventType "swiss"]
[EventDate "2010.05.22"]

1. c4 Nf6 2. Nc3 g6 3. g3 Bg7 4. Bg2 O-O 5. Nf3 d6 6. O-O Nc6 7. d3 e5 8. Bg5
h6 9. Bxf6 Bxf6 10. Nd5 Bg7 11. b4 e4 12. Rb1 exf3 13. Bxf3 Ne7 14. Nxe7+ Qxe7
15. Bg2 Re8 16. e3 c6 17. a4 a5 18. b5 c5 19. Qd2 Qe5 20. Rfc1 Qg5 21. Qe2 Bd4
22. f4 Qe7 23. Be4 f5 24. exd4 fxe4 25. Re1 e3 26. dxc5 dxc5 27. g4 Qh4 28. Qf3
Qxg4+ 29. Qxg4 Bxg4 30. Kg2 Rad8 31. Rb3 Bf5 32. Kf3 Rxd3 33. Rxd3 Bxd3 34.
Rxe3 Rxe3+ 35. Kxe3 Bxc4 0-1

[Event "ODEM U14 2010"]
[Site "Oberhof GER"]
[Date "2010.05.23"]
[Round "1"]
[White "Voggenreiter, Simon"]
[Black "Leyrer, Thomas"]
[Result "1-0"]
[Termination "normal"]
[Board "3"]
[WhiteElo "1738"]
[BlackElo "1138"]
[PlyCount "83"]
[WhiteFideId "24615501"]
[BlackFideId "12908274"]
[EventCountry "GER"]
[EventRounds "7"]
[EventType "swiss"]
[EventDate "2010.05.22"]

1. e4 e5 2. Nf3 Nc6 3. Bc4 Bc5 4. b4 Bb6 5. O-O Nf6 6. b5 Nd4 7. Nxe5 Ne6 8.
Bb2 Nxe4 9. d3 Nd6 10. Bxe6 dxe6 11. a4 a6 12. a5 Ba7 13. bxa6 bxa6 14. Ra4 Bb7
15. Qh5 h6 16. Rg4 Rg8 17. Re1 Qf6 18. Rf1 Qf5 19. Qh4 f6 20. Ng6 e5 21. Nd2
Rb8 22. Bc3 Bc8 23. Rg3 Bb7 24. Qa4+ Qd7 25. Qa1 Kd8 26. Qe1 Qa4 27. Nb3 Bd5
28. d4 Bxb3 29. cxb3 Rxb3 30. dxe5 Re8 31. Qd2 fxe5 32. Nxe5 Kc8 33. Qd5 Qb5
34. Qa8+ Qb8 35. Qc6 Qb7 36. Qd7+ Kb8 37. Nc6+ Ka8 38. Rd3 Qc8 39. Qxg7 Ne4 40.
Nxa7 Rxc3 41. Nxc8 Rxd3 42. Qxc7 1-0

[Event "ODEM U14 2010"]
[Site "Oberhof GER"]
[Date "2010.05.23"]
[Round "1"]
[White "Wegmann, Simon"]
[Black "Tran, Khoa Anh Le"]
[Result "0-1"]
[Termination "normal"]
[Board "4"]
[WhiteElo "1134"]
[BlackElo "1588"]
[PlyCount "42"]
[WhiteFideId "1270758"]
[EventCountry "GER"]
[EventRounds "7"]
[EventType "swiss"]
[EventDate "2010.05.22"]

1. e4 e6 2. Nc3 c5 3. Bc4 Nc6 4. Nf3 a6 5. a4 Qc7 6. b3 Nf6 7. Bb2 Bd6 8. O-O
O-O 9. d3 Ne5 10. Nd2 Nxc4 11. Nxc4 Bxh2+ 12. Kh1 d5 13. Ne3 d4 14. g3 Bxg3 15.
fxg3 Qxg3 16. Rf3 Qh4+ 17. Kg2 dxe3 18. Rxe3 Ng4 19. Rf3 Qh2+ 20. Kf1 Qh1+ 21.
Ke2 Qg2+ 0-1

[Event "ODEM U14 2010"]
[Site "Oberhof GER"]
[Date "2010.05.23"]
[Round "1"]
[White "Ewert, Paul"]
[Black "Schirra, Maurice"]
[Result "1-0"]
[Termination "normal"]
[Board "5"]
[WhiteElo "1519"]
[BlackElo "1127"]
[PlyCount "125"]
[BlackFideId "12941115"]
[EventCountry "GER"]
[EventRounds "7"]
[EventType "swiss"]
[EventDate "2010.05.22"]

1. e4 c5 2. Nf3 d6 3. Nc3 Nf6 4. d4 cxd4 5. Nxd4 g6 6. Be2 Bg7 7. O-O Nc6 8.
Nb3 O-O 9. Bg5 Bd7 10. Kh1 a6 11. a4 Qc7 12. Bxf6 Bxf6 13. Nd5 Qd8 14. Nxf6+
exf6 15. Qxd6 Rc8 16. Rad1 Rc7 17. Nc5 Nb8 18. Rd2 Qc8 19. b4 a5 20. c3 axb4
21. cxb4 Bc6 22. Bg4 f5 23. exf5 Bd7 24. Ne4 Rc6 25. Qd4 f6 26. Nc5 Rc7 27. Ne6
Bxe6 28. fxe6 f5 29. Bf3 Nc6 30. Bxc6 Rxc6 31. Qd7 Qxd7 32. exd7 Rd8 33. Re1
Kg7 34. h3 Kf7 35. b5 Rc7 36. Red1 b6 37. Rd6 Rb7 38. Rc1 Rdxd7 39. Rxd7+ Rxd7
40. Rc6 Rb7 41. Kh2 Ke7 42. g4 fxg4 43. hxg4 Kd7 44. f4 Ke7 45. Kh3 Kf7 46. Kh4
Ra7 47. Rxb6 Rxa4 48. Kg3 Rc4 49. Kf3 Rb4 50. Rb7+ Kg8 51. g5 Rb3+ 52. Ke4 Rh3
53. Ke5 Rh4 54. Rc7 Rh3 55. b6 Re3+ 56. Kd4 Re8 57. b7 Rb8 58. Rc8+ Rxc8 59.
bxc8=Q+ Kg7 60. Qd7+ Kh8 61. Ke5 Kg8 62. Kf6 h6 63. Qg7# 1-0

[Event "ODEM U14 2010"]
[Site "Oberhof GER"]
[Date "2010.05.23"]
[Round "1"]
[White "Hesse, Henrik"]
[Black "Nobis, Philipp"]
[Result "0-1"]
[Termination "normal"]
[Board "6"]
[WhiteElo "1113"]
[BlackElo "1515"]
[PlyCount "94"]
[WhiteFideId "12952060"]
[BlackFideId "24602183"]
[EventCountry "GER"]
[EventRounds "7"]
[EventType "swiss"]
[EventDate "2010.05.22"]

1. e4 d5 2. exd5 Nf6 3. d4 Nxd5 4. c4 Nf6 5. Nf3 Bg4 6. Be2 Nbd7 7. Nc3 c6 8.
Bf4 Nb6 9. b3 e6 10. O-O Be7 11. Rc1 Ba3 12. Rb1 Bf5 13. Bd3 Bg4 14. Be2 Be7
15. Rc1 O-O 16. Bg5 Qc7 17. Ne5 Bxe2 18. Qxe2 Rfd8 19. Rfd1 Nbd7 20. Qe3 Nxe5
21. dxe5 Ng4 22. Qf4 Bxg5 23. Qxg5 Nxe5 24. Ne4 f6 25. Nxf6+ Kh8 26. Nh5 Rf8
27. Rd6 Rf5 28. Qd2 Rxh5 29. Rd1 h6 30. f4 Qb6+ 31. Kh1 Ng4 32. c5 Qxc5 33.
Rd8+ Rxd8 34. Qxd8+ Kh7 35. Qd3+ Qf5 36. Qg3 Rxh2+ 37. Kg1 Qc5+ 38. Kf1 Ne3+
39. Kg1 Nf5+ 40. Kxh2 Nxg3 41. Kxg3 Qe3+ 42. Kh2 Qxf4+ 43. Kh3 h5 44. Rd7 e5
45. Rxb7 h4 46. Rxg7+ Kxg7 47. a3 Qg3# 0-1

[Event "ODEM U14 2010"]
[Site "Oberhof GER"]
[Date "2010.05.23"]
[Round "1"]
[White "Bosse, Lea"]
[Black "Dopmann, Sina"]
[Result "1-0"]
[Termination "normal"]
[Board "7"]
[WhiteElo "1450"]
[BlackElo "1108"]
[PlyCount "93"]
[WhiteFideId "12900419"]
[EventCountry "GER"]
[EventRounds "7"]
[EventType "swiss"]
[EventDate "2010.05.22"]

1. e4 e5 2. Nf3 d6 3. d4 Nf6 4. c3 Be7 5. Be3 Nbd7 6. Bd3 O-O 7. h3 c6 8. Nbd2
Qc7 9. Nc4 exd4 10. cxd4 b5 11. Ncd2 Bb7 12. Qc2 a5 13. Bxb5 Qb6 14. Bd3 a4 15.
Rc1 a3 16. b3 Ra7 17. d5 c5 18. O-O Rc8 19. Nc4 Qc7 20. b4 Raa8 21. Ncd2 Ne8
22. Qb1 Ra4 23. bxc5 dxc5 24. Nb3 c4 25. Nbd2 Rb4 26. Qa1 Bf6 27. Bd4 Bxd4 28.
Nxd4 Ne5 29. Be2 Qa5 30. Qc3 Ba6 31. Nc2 Nd3 32. Bxd3 cxd3 33. Qxb4 Qxb4 34.
Nxb4 Ra8 35. Rc3 Bb5 36. Rfc1 Nd6 37. Nxd3 Bxd3 38. Rxd3 h6 39. Rcc3 Nb5 40.
Rb3 Nd6 41. Rxa3 Rc8 42. e5 Rc1+ 43. Kh2 Nf5 44. d6 Rc8 45. d7 Rd8 46. Rac3 Ne7
47. a4 1-0

[Event "ODEM U14 2010"]
[Site "Oberhof GER"]
[Date "2010.05.23"]
[Round "1"]
[White "Siegl, Melina"]
[Black "Glase, Johan"]
[Result "1/2-1/2"]
[Termination "normal"]
[Board "9"]
[WhiteElo "1404"]
[BlackElo "1068"]
[PlyCount "86"]
[WhiteFideId "1272126"]
[EventCountry "GER"]
[EventRounds "7"]
[EventType "swiss"]
[EventDate "2010.05.22"]

1. e4 g6 2. d4 Bg7 3. Nf3 d6 4. Be3 c5 5. Nc3 Qa5 6. Qd3 Nf6 7. Qb5+ Qxb5 8.
Bxb5+ Bd7 9. dxc5 O-O 10. Bxd7 Nbxd7 11. cxd6 exd6 12. Rd1 Nc5 13. Bxc5 dxc5
14. O-O Rfd8 15. h3 Nd7 16. Nd5 b6 17. b3 Nf6 18. Nxf6+ Bxf6 19. c4 Re8 20.
Rfe1 Rad8 21. Rxd8 Rxd8 22. e5 Bg7 23. Re2 h6 24. Nh4 Re8 25. Nf3 f6 26. e6 g5
27. g3 Kf8 28. Nd2 Ke7 29. f4 f5 30. fxg5 hxg5 31. Nf3 Bf6 32. Kf2 Kd6 33. Rd2+
Kxe6 34. Re2+ Kf7 35. Rxe8 Kxe8 36. Ke3 Ke7 37. g4 Ke6 38. a3 Bb2 39. Nxg5+ Kf6
40. Nf3 fxg4 41. hxg4 Bxa3 42. Ke4 a6 43. Kd5 b5 1/2-1/2

[Event "ODEM U14 2010"]
[Site "Oberhof GER"]
[Date "2010.05.23"]
[Round "1"]
[White "Triantafillidis, Zoe"]
[Black "Kempe, Markus"]
[Result "0-1"]
[Termination "normal"]
[Board "10"]
[WhiteElo "1044"]
[BlackElo "1397"]
[PlyCount "50"]
[WhiteFideId "12900150"]
[BlackFideId "24692638"]
[EventCountry "GER"]
[EventRounds "7"]
[EventType "swiss"]
[EventDate "2010.05.22"]

1. e4 c5 2. Nf3 Nc6 3. Bc4 d6 4. Nc3 g6 5. d3 Bg7 6. Bd2 e6 7. O-O Nge7 8. Qe2
O-O 9. Qe3 Nd4 10. Rac1 a6 11. a3 b5 12. Ba2 a5 13. Ne2 Nxe2+ 14. Qxe2 Bxb2 15.
Rb1 Bxa3 16. Rxb5 Bb4 17. c3 Ba6 18. cxb4 Bxb5 19. bxa5 Nc6 20. Ng5 Qe7 21. Qe3
Nd4 22. Qh3 h5 23. g4 f6 24. gxh5 fxg5 25. Kg2 Qf6 0-1

[Event "ODEM U14 2010"]
[Site "Oberhof GER"]
[Date "2010.05.23"]
[Round "1"]
[White "Titgemeyer, Eva Maria"]
[Black "Herbrig, Marie-Helén"]
[Result "0-1"]
[Termination "normal"]
[Board "12"]
[WhiteElo "1039"]
[BlackElo "1368"]
[PlyCount "151"]
[WhiteFideId "24655350"]
[BlackFideId "12900427"]
[EventCountry "GER"]
[EventRounds "7"]
[EventType "swiss"]
[EventDate "2010.05.22"]

1. e4 c5 2. Nf3 e6 3. d4 cxd4 4. Nxd4 a6 5. Nc3 Qc7 6. Bd3 Nf6 7. O-O Be7 8.
Kh1 b5 9. a3 O-O 10. f4 d6 11. Qf3 Bb7 12. Qh3 Nbd7 13. Bd2 Nc5 14. Rad1 Nxd3
15. cxd3 Rac8 16. Qg3 Nh5 17. Qg4 Nf6 18. Qg3 Kh8 19. e5 Nd7 20. exd6 Qxd6 21.
Qe3 Bf6 22. Nf3 Nc5 23. d4 Nd7 24. Ne2 Nb6 25. Ne5 Nd5 26. Qe4 Ba8 27. Qd3 Qd8
28. Nc3 Rb8 29. Nxd5 Qxd5 30. Rf3 Kg8 31. Rg1 Rfd8 32. Rh3 h6 33. Bc3 Bxe5 34.
fxe5 Rbc8 35. Rg3 Kh8 36. Rd1 Qd7 37. Kg1 Bd5 38. Rh3 Qc6 39. Rg3 Be4 40. Qe3
Bg6 41. Bd2 Qc2 42. Rc1 Qxb2 43. Rh3 Rxc1+ 44. Bxc1 Qxd4 45. Qxd4 Rxd4 46. Rc3
Rd5 47. Bf4 a5 48. Rc8+ Kh7 49. Ra8 b4 50. axb4 axb4 51. Rb8 Rd4 52. Be3 Rc4
53. Bd2 Re4 54. Bxb4 Rxe5 55. Kf2 Be4 56. Rf8 Rf5+ 57. Kg3 Kg6 58. Bc3 Rg5+ 59.
Kf4 Bxg2 60. h4 Rf5+ 61. Kg4 h5+ 62. Kg3 Rf3+ 63. Kxg2 Rxc3 64. Kf2 Rh3 65. Kg2
Rxh4 66. Kg3 Rb4 67. Kf3 h4 68. Rh8 f5 69. Re8 Kf7 70. Rh8 g5 71. Rh5 Kg6 72.
Rh8 g4+ 73. Kg2 h3+ 74. Kh1 Kg5 75. Rg8+ Kf4 76. Rh8 0-1

[Event "ODEM U14 2010"]
[Site "Oberhof GER"]
[Date "2010.05.23"]
[Round "1"]
[White "Wegmann, Sven"]
[Black "Neumann, Tiemon"]
[Result "0-1"]
[Termination "normal"]
[Board "13"]
[WhiteElo "1354"]
[BlackElo "1030"]
[PlyCount "34"]
[WhiteFideId "1270756"]
[BlackFideId "12925462"]
[EventCountry "GER"]
[EventRounds "7"]
[EventType "swiss"]
[EventDate "2010.05.22"]

1. e4 e5 2. Nf3 Nc6 3. Bc4 Nf6 4. Ng5 d5 5. exd5 Nd4 6. d6 Qxd6 7. Nxf7 Qc6 8.
Nxh8 Qxg2 9. Bf7+ Kd8 10. d3 Bg4 11. Bd5 Nxd5 12. Nf7+ Ke8 13. Nc3 Bxd1 14.
Nxd5 Qf3 15. Nxc7+ Kxf7 16. Kd2 Bb4+ 17. c3 Qe2# 0-1

[Event "ODEM U14 2010"]
[Site "Oberhof GER"]
[Date "2010.05.23"]
[Round "1"]
[White "Bach, Marc-Andre"]
[Black "Döpper, Anna Berenice"]
[Result "1-0"]
[Termination "normal"]
[Board "15"]
[WhiteElo "1298"]
[BlackElo "1001"]
[PlyCount "95"]
[WhiteFideId "1270773"]
[BlackFideId "1271853"]
[EventCountry "GER"]
[EventRounds "7"]
[EventType "swiss"]
[EventDate "2010.05.22"]

1. e4 e6 2. d4 d5 3. e5 c5 4. c3 Nc6 5. Nf3 Qb6 6. Bd3 Bd7 7. Bc2 Nh6 8. O-O
Nf5 9. Bxf5 exf5 10. Na3 Be6 11. b3 cxd4 12. Nxd4 Nxd4 13. Qxd4 Qxd4 14. cxd4
Bb4 15. Bb2 Rc8 16. Rac1 O-O 17. Nb5 Bd2 18. Rc7 a6 19. Rd1 axb5 20. Rxc8 Rxc8
21. Rxd2 Ra8 22. Bc1 Rc8 23. Ba3 Ra8 24. Bc5 Rc8 25. g3 Rc6 26. f4 b6 27. Be7
Rc7 28. Bd8 Rb7 29. Rc2 Rb8 30. Be7 Bd7 31. Bd6 Ra8 32. Kf2 Bc6 33. Rxc6 Rxa2+
34. Kf3 h6 35. Rxb6 Rxh2 36. Rxb5 h5 37. Be7 Rh3 38. Kf2 Rh2+ 39. Kg1 Rb2 40.
Rb8+ Kh7 41. b4 Rb1+ 42. Kf2 Rc1 43. b5 Rc2+ 44. Ke1 Rc1+ 45. Kd2 Rc7 46. Bd6
Ra7 47. Kc3 Ra3+ 48. Bxa3 1-0

[Event "ODEM U14 2010"]
[Site "Oberhof GER"]
[Date "2010.05.23"]
[Round "1"]
[White "Holstein, David"]
[Black "Mann, Jonas"]
[Result "0-1"]
[Termination "normal"]
[Board "16"]
[WhiteElo "997"]
[BlackElo "1288"]
[PlyCount "78"]
[BlackFideId "12900214"]
[EventCountry "GER"]
[EventRounds "7"]
[EventType "swiss"]
[EventDate "2010.05.22"]

1. e4 c5 2. Nf3 d6 3. Nc3 Nf6 4. Bc4 e6 5. d3 a6 6. Qe2 Qc7 7. Bg5 Be7 8. O-O
Nbd7 9. Rfe1 b5 10. Bb3 O-O 11. e5 dxe5 12. Nxe5 Bd6 13. Bxf6 Nxf6 14. a4 b4
15. Nd1 a5 16. Rc1 Re8 17. c3 Ba6 18. cxb4 axb4 19. Bc4 Nd5 20. Bxa6 Rxa6 21.
d4 Ra5 22. dxc5 Rxc5 23. Rxc5 Bxc5 24. Qb5 Rd8 25. Re4 Nf6 26. Re1 Rd5 27. Qe2
Qd6 28. Ng4 Nxg4 29. Qxg4 Rd2 30. Qf3 Qd8 31. Ne3 Bxe3 32. fxe3 f6 33. Ra1 Rxb2
34. a5 b3 35. Qc6 Kf7 36. Qc4 Qd5 37. Qc7+ Kg6 38. Qg3+ Qg5 39. Qc7 Qxg2# 0-1

[Event "ODEM U14 2010"]
[Site "Oberhof GER"]
[Date "2010.05.23"]
[Round "1"]
[White "Bauer, Lukas"]
[Black "Eggert, Daniela"]
[Result "1-0"]
[Termination "normal"]
[Board "17"]
[WhiteElo "1272"]
[BlackElo "971"]
[PlyCount "107"]
[WhiteFideId "12907715"]
[BlackFideId "12991490"]
[EventCountry "GER"]
[EventRounds "7"]
[EventType "swiss"]
[EventDate "2010.05.22"]

1. e4 e5 2. Nf3 Nc6 3. Bb5 Nf6 4. Nc3 Bb4 5. O-O O-O 6. a3 Bxc3 7. dxc3 d6 8.
Bg5 Bg4 9. Re1 h6 10. Bh4 a6 11. Bxc6 bxc6 12. Qd3 a5 13. Nd2 Rb8 14. f3 Be6
15. b3 c5 16. Nc4 Bxc4 17. Qxc4 Qe7 18. Qd3 Qe6 19. c4 Nh5 20. Qd2 Ra8 21. a4
Qg6 22. Bf2 Nf4 23. Be3 Nh3+ 24. Kf1 Ng5 25. Bxg5 hxg5 26. g3 Qh6 27. h4 f6 28.
Kg2 Qh5 29. Rh1 g4 30. Qe2 f5 31. exf5 Rxf5 32. fxg4 Rf2+ 33. Kxf2 Rf8+ 34. Kg2
Qg6 35. Raf1 Rxf1 36. Rxf1 Kh7 37. Qf2 Qxg4 38. Qf5+ Qxf5 39. Rxf5 e4 40. Kf2
c6 41. Ke3 d5 42. cxd5 cxd5 43. Rxd5 c4 44. Kxe4 cxb3 45. cxb3 Kh6 46. Rxa5 g6
47. Rg5 Kg7 48. a5 Kf6 49. a6 Ke7 50. Rxg6 Kd7 51. a7 Kc7 52. a8=Q Kd7 53. Qa7+
Ke8 54. Rg8# 1-0

[Event "ODEM U14 2010"]
[Site "Oberhof GER"]
[Date "2010.05.23"]
[Round "1"]
[White "Michalowski, Sophia"]
[Black "Peters, Florian"]
[Result "0-1"]
[Termination "normal"]
[Board "18"]
[WhiteElo "956"]
[BlackElo "1248"]
[PlyCount "120"]
[WhiteFideId "12902454"]
[BlackFideId "12952028"]
[EventCountry "GER"]
[EventRounds "7"]
[EventType "swiss"]
[EventDate "2010.05.22"]

1. d4 d5 2. c4 c6 3. Nc3 Nf6 4. Bg5 Nbd7 5. Nf3 e6 6. e3 Bd6 7. cxd5 cxd5 8.
Bb5 O-O 9. Bxd7 Bxd7 10. e4 dxe4 11. Nxe4 Be7 12. Nc3 Bc6 13. Qd3 Re8 14. O-O
Bxf3 15. Qxf3 Qxd4 16. Qxb7 Qe5 17. Bxf6 Bxf6 18. Rfe1 Reb8 19. Qc6 Qf5 20.
Rad1 Rc8 21. Qb7 Bxc3 22. bxc3 Qc2 23. Rc1 Qxa2 24. Ra1 Qd2 25. Rf1 Qd8 26.
Rfd1 Qb6 27. Rd7 Qxb7 28. Rxb7 Rxc3 29. h3 g6 30. Raxa7 Rxa7 31. Rxa7 Kg7 32.
g3 g5 33. Ra5 f6 34. Ra6 e5 35. Ra7+ Kg6 36. g4 Rxh3 37. Kg2 Rb3 38. f3 Rb8 39.
Ra6 Rh8 40. Ra1 h5 41. gxh5+ Rxh5 42. Kg3 Rh4 43. Rb1 Rf4 44. Re1 Kf5 45. Re3
g4 46. fxg4+ Rxg4+ 47. Kf3 Rh4 48. Kg3 Rh8 49. Kf2 Rf8 50. Rf3+ Ke6 51. Ke3 f5
52. Rf2 Rb8 53. Kd3 e4+ 54. Ke3 Ke5 55. Rf4 Rb3+ 56. Kf2 Kxf4 57. Ke2 Rb2+ 58.
Kf1 Ke3 59. Kg1 Kf3 60. Kf1 Rb1# 0-1

[Event "ODEM U14 2010"]
[Site "Oberhof GER"]
[Date "2010.05.23"]
[Round "1"]
[White "Martin, Raphael"]
[Black "Falke, Janis"]
[Result "1-0"]
[Termination "normal"]
[Board "19"]
[WhiteElo "1237"]
[BlackElo "904"]
[PlyCount "79"]
[WhiteFideId "12952036"]
[EventCountry "GER"]
[EventRounds "7"]
[EventType "swiss"]
[EventDate "2010.05.22"]

1. e4 e5 2. Nf3 Nc6 3. d4 Bd6 4. Bc4 Nf6 5. Bg5 O-O 6. Nc3 Bb4 7. O-O d6 8. Nd5
Be6 9. c3 Ba5 10. Qd3 Bg4 11. Nxf6+ gxf6 12. Bh6 Re8 13. Nh4 exd4 14. cxd4 Bb6
15. Qg3 Qd7 16. Rae1 Bxd4 17. h3 Kh8 18. hxg4 Rg8 19. Nf5 Rg6 20. Rd1 Bxb2 21.
Qb3 Be5 22. f3 Rag8 23. Bxf7 Na5 24. Qd5 Nc6 25. Bxg8 Rxg8 26. Qb3 Na5 27. Qe3
Nc4 28. Qxa7 Qc8 29. Ne7 Qa8 30. Qxa8 Rxa8 31. Rc1 b5 32. Nd5 Rxa2 33. Nxc7
Bd4+ 34. Kh2 Be5+ 35. Kh3 Bd4 36. Nxb5 Be3 37. Rxc4 Bxh6 38. Nxd6 Rd2 39. Nf5
Bg7 40. Rc8+ 1-0

[Event "ODEM U14 2010"]
[Site "Oberhof GER"]
[Date "2010.05.23"]
[Round "1"]
[White "Scholz, Richard"]
[Black "Strauch, Nicholas"]
[Result "0-1"]
[Termination "normal"]
[Board "20"]
[WhiteElo "890"]
[BlackElo "1231"]
[PlyCount "110"]
[EventCountry "GER"]
[EventRounds "7"]
[EventType "swiss"]
[EventDate "2010.05.22"]

1. e4 c5 2. Nf3 g6 3. d4 cxd4 4. Nxd4 Bg7 5. Be3 Nc6 6. c3 d6 7. Bb5 Bd7 8. O-O
Nf6 9. Nd2 O-O 10. Qe2 Ng4 11. Rad1 Nxe3 12. Qxe3 a6 13. Bxc6 bxc6 14. f4 Bh6
15. N2f3 Qb6 16. g3 e5 17. Nc2 Qxe3+ 18. Nxe3 exf4 19. gxf4 Bxf4 20. Ng2 Bh6
21. Rxd6 Be6 22. b3 Rfc8 23. Nd4 Bf8 24. Rxc6 Rxc6 25. Nxc6 Rc8 26. Nd4 Rxc3
27. Nxe6 fxe6 28. Rd1 Rc2 29. Ra1 Re2 30. Rc1 Rxa2 31. Ne3 Rb2 32. Rc3 h5 33.
Nc4 Re2 34. Re3 Bc5 35. Kf1 Rxe3 36. Nxe3 Bxe3 37. Ke2 Bc5 38. h3 g5 39. Kd3 a5
40. Kc4 Bb4 41. Kb5 g4 42. hxg4 hxg4 43. Kc6 g3 44. Kd7 g2 45. Kxe6 g1=Q 46.
Kd5 Qc5+ 47. Ke6 Bc3 48. e5 Qxe5+ 49. Kd7 Qf6 50. Kc7 Bb4 51. Kd7 Qd6+ 52. Kc8
Qe7 53. Kb8 Bd6+ 54. Ka8 Qc7 55. b4 Qb8# 0-1

[Event "ODEM U14 2010"]
[Site "Oberhof GER"]
[Date "2010.05.23"]
[Round "1"]
[White "Wierzbicki, Jirawat"]
[Black "Morio, Estelle"]
[Result "1-0"]
[Termination "normal"]
[Board "21"]
[WhiteElo "1428"]
[BlackElo "881"]
[PlyCount "115"]
[WhiteFideId "1153579"]
[BlackFideId "12951951"]
[EventCountry "GER"]
[EventRounds "7"]
[EventType "swiss"]
[EventDate "2010.05.22"]

1. e4 d6 2. d4 Nf6 3. f3 Nbd7 4. Be3 e5 5. Bd3 Be7 6. Ne2 O-O 7. Nbc3 b6 8. O-O
Bb7 9. Ng3 d5 10. Qe2 c5 11. dxc5 bxc5 12. Bf2 c4 13. Nxd5 Bxd5 14. exd5 cxd3
15. Qxd3 Nb6 16. Bxb6 axb6 17. Rad1 Bc5+ 18. Kh1 Rxa2 19. Qc3 Re8 20. Qb3 Ra5
21. Qd3 Qd7 22. Nf5 Bd6 23. g4 Rd8 24. Qe3 Nxd5 25. Qd3 Bf8 26. b4 Rb5 27. c4
Rxb4 28. Qxd5 Qxd5 29. Rxd5 Rxd5 30. cxd5 g6 31. Ne3 b5 32. Re1 Rb2 33. Rd1 Bd6
34. Rc1 Ra2 35. Rc8+ Kg7 36. Rc6 Be7 37. d6 Bd8 38. Rc8 Bg5 39. d7 Rd2 40. Nf1
Rxd7 41. Rb8 Rd5 42. Ng3 Bf4 43. Ne4 f5 44. Rb7+ Kg8 45. Nf6+ Kf8 46. Nxd5 e4
47. Nxf4 e3 48. Rxb5 Kg7 49. Re5 Kf6 50. Rxe3 g5 51. Re6+ Kf7 52. gxf5 gxf4 53.
Kg2 h5 54. Kh3 Kf8 55. Kh4 Kf7 56. Kxh5 Kf8 57. Kg6 Kg8 58. Re8# 1-0

[Event "ODEM U14 2010"]
[Site "Oberhof GER"]
[Date "2010.05.23"]
[Round "1"]
[White "Holzapfel, Jan-Marius"]
[Black "Nabinger, Annalena"]
[Result "1/2-1/2"]
[Termination "normal"]
[Board "22"]
[WhiteElo "849"]
[BlackElo "1181"]
[PlyCount "47"]
[BlackFideId "12902225"]
[EventCountry "GER"]
[EventRounds "7"]
[EventType "swiss"]
[EventDate "2010.05.22"]

1. e4 e5 2. Nf3 Nc6 3. Bc4 Bc5 4. c3 Nf6 5. d3 d6 6. Bb3 Bg4 7. h3 Bh5 8. Nbd2
O-O 9. g4 Bg6 10. Nf1 d5 11. exd5 Nxd5 12. Ng3 Nb6 13. O-O Bxd3 14. Bg5 Qd6 15.
Qd2 Bxf1 16. Rxf1 e4 17. Nf5 Qxd2 18. Nxd2 Rfe8 19. Bc2 Ne7 20. Bxe4 Nxf5 21.
Bxf5 Re5 22. Nf3 Rd5 23. Be4 Rd6 24. Bxb7 1/2-1/2

[Event "ODEM U14 2010"]
[Site "Oberhof GER"]
[Date "2010.05.23"]
[Round "1"]
[White "Mikeler, Marcel"]
[Black "Diederichs, Hannah"]
[Result "1-0"]
[Termination "normal"]
[Board "23"]
[WhiteElo "1180"]
[BlackElo "842"]
[PlyCount "65"]
[WhiteFideId "12927856"]
[EventCountry "GER"]
[EventRounds "7"]
[EventType "swiss"]
[EventDate "2010.05.22"]

1. d4 e6 2. c4 d5 3. Nc3 Nf6 4. Nf3 Be7 5. Bg5 c6 6. e3 O-O 7. Bd3 Na6 8. cxd5
Nxd5 9. Bxe7 Nxe7 10. Bxa6 bxa6 11. O-O Rb8 12. b3 a5 13. Rc1 Ba6 14. Re1 Nd5
15. Na4 Nb6 16. Nc5 Bc8 17. Ne5 f6 18. Nxc6 Qd6 19. Nxb8 Qxb8 20. Qg4 e5 21.
Qg3 Rd8 22. Red1 Rd5 23. dxe5 Rxd1+ 24. Rxd1 fxe5 25. h3 Qc7 26. Ne4 Bf5 27.
Nd6 Bc2 28. Qxe5 h6 29. Rd4 Bb1 30. a3 Qc1+ 31. Kh2 Bc2 32. Rg4 Kf8 33. Qxg7#
1-0

[Event "ODEM U14 2010"]
[Site "Oberhof GER"]
[Date "2010.05.23"]
[Round "1"]
[White "Kravets, Nazar"]
[Black "Henke, Georg"]
[Result "0-1"]
[Termination "normal"]
[Board "24"]
[WhiteElo "810"]
[BlackElo "1176"]
[PlyCount "108"]
[BlackFideId "24693936"]
[EventCountry "GER"]
[EventRounds "7"]
[EventType "swiss"]
[EventDate "2010.05.22"]

1. e4 c5 2. Nf3 d6 3. Nc3 Nf6 4. Bc4 g6 5. Ng5 e6 6. d3 Bg7 7. Bf4 O-O 8. Nb5
Ne8 9. Qg4 e5 10. Qh4 h6 11. g3 exf4 12. Bxf7+ Rxf7 13. Nxf7 Qxh4 14. gxh4 Kxf7
15. O-O-O Nc6 16. c3 a6 17. Na3 b5 18. Nc2 Bg4 19. Rdf1 Ne5 20. d4 cxd4 21.
Nxd4 Rc8 22. h3 Bd7 23. Ne2 b4 24. Nxf4 h5 25. Nd5 Nf6 26. Nxb4 Nxe4 27. Nxa6
Bb5 28. Rfg1 Bxa6 29. f4 Nf2 30. Rh2 Nf3 31. Rxf2 Nxg1 32. f5 Bh6+ 33. Kd1 Be2+
34. Ke1 gxf5 35. Rxf5+ Kg6 36. Rf2 Be3 37. Rg2+ Kh6 38. Rxe2 Nxe2 39. Kxe2 Bc5
40. b4 Bb6 41. Kd3 Ra8 42. Kc4 Rxa2 43. Kb5 Bd8 44. Kc6 Ra6+ 45. Kd5 Bxh4 46.
c4 Be7 47. b5 Rb6 48. Kd4 Kg5 49. Kc3 Kh4 50. Kb4 Kxh3 51. Ka5 Bd8 52. Kb4 Kg3
53. c5 dxc5+ 54. Kxc5 h4 0-1